Państwa najbliżej Maine - Statystyki

Ogólne statystyki
  • Ten quiz został rozwiązany 24 razy
  • Średni wynik to 12 z 20
Statystyki odpowiedzi
Kilometry Państwo % Poprawnych
0 Kanada
91%
2831 Meksyk
82%
3197 Belize
73%
2384 Kuba
73%
3174 Dominika
68%
2576 Dominikana
68%
3304 Gwatemala
68%
2566 Haiti
68%
1892 Bahamy
64%
3297 Honduras
64%
2806 Jamajka
64%
2950 Saint Kitts i Nevis
64%
1297 Wielka Brytania przez Bermudy
64%
1968 Dania przez Grenlandię
50%
848 Francja przez Saint Pierre i Miquelon
50%
2980 Portugalia przez Azory
50%
3256 Islandia
45%
3342 Nikaragua
45%
2941 Antigua i Barbuda
41%
2874 Holandia przez Sint Maarten
36%
Nie znaleziono quizów pasujących do podanych kryteriów
Rozkład punktacji
Procent ludzi z każdym wynikiem
Percentyl według liczby udzielonych odpowiedzi
Twoja historia wyników
Nie rozwiązałeś tego quizu